000 00649nam a2200241 a 4500
001 nice12345678
003 IN_TiNIC
005 20260116013531.0
008 050524s1968 newa grp 000 0 eng
020 _a
_c1225
082 0 0 _a954.016
_bCAS
100 _aCase, Margaret H
245 _aSouth Asian History
_b 1750-1950, a Guide to Periodicals Dissertation and New
260 _aNew Jersy
_bPrinceston University Press
_c1968
300 _a561p
500 _aincludes index and biblioraphy
505 2 _aIndex
650 _aSouth Asia-Bibliography
700 1 _aCase, Margaret H
902 _bSRS
942 _cBK
999 _c11360
_d11360